Vybrané kapitoly ze statistiky 1

Gespeichert in:
Bibliographische Detailangaben
1. Verfasser: Strádalová, Jarmila
Körperschaft: Univerzita Karlova v Praze
Weitere Verfasser: Hučík, Antonín
Format: Buch
Sprache:Tschechisch
Veröffentlicht: Praha Státní pedagogické nakladatelství 1986
Ausgabe:2. přeprac. vyd.
Tags: Tag hinzufügen
Keine Tags, Fügen Sie das erste Tag hinzu!

MARC

LEADER 00000nam a2200000 4500
001 c031925
005 20221220073249.8
041 0 |a cze 
044 |a CZ 
245 1 0 |a Vybrané kapitoly ze statistiky 1  |c Jarmila Strádalová, Antonín Hučík 
250 |a 2. přeprac. vyd. 
264 1 |a Praha  |b Státní pedagogické nakladatelství  |c 1986 
300 |a 313 s. 
100 1 |a Strádalová, Jarmila 
700 1 |a Hučík, Antonín 
710 2 |a Univerzita Karlova v Praze